书目信息 |
| 书名: | Vitamin C | |
| 作者: | Stephanie Pedersen | |
| 分册号: | ||
| 分册名: | 出版地: | New York |
|
| 出版社: | Dorling Kindersley Pub | |
| 出版时间: | 2000. | |
| 页数: | 64p | |
| 开本: | 16cm | |
| 丛书名: | ||
| 中图分类号: | ||
| 科图分类号: | ||
| 其他分类号: | R453.3 | |
| 主题词: | ||
| 电子资源: | ||
| 000 | 00433nam0 2200145 450 | |
| 001 | 202012001377 | |
| 005 | 20121108171104.0 | |
| 008 | 12110801s | |
| 020 | @a9780789451965@c$3.95 | |
| 099 | @dR453.3@eS8279 | |
| 245 | 10 | @aVitamin C @bbuilding flexibility & fighting infection @cStephanie Pedersen |
| 260 | 0 | @a New York@bDorling Kindersley Pub@c2000. |
| 300 | @a64p@c16cm | |
| 905 | @b10572 | |
| 905 | @aTSG@dR453.3@eS8279 | |
| Vitamin C : building flexibility & fighting infection / Stephanie Pedersen.- New York : Dorling Kindersley Pub , 2000. |
| 64p ; 16cm |
| ISBN 9780789451965$3.95 |
| ● |
| 相关链接 |
|
|
|
正题名:Vitamin C
索取号:R453.3/S8279
 
预约/预借
| 序号 | 登录号 | 条形码 | 馆藏地/架位号 | 状态 | 备注 |
| 1 | 10572 | 300105721 | 自科库401/401自科库 17排1列4层/ [索取号:R453.3/S8279] | 在馆 |